000 00895nam a2200253 a 4500
001 000004159
003 DO-SdBNP
005 20240412074202.0
007 ta
008 090717e2005 dr r 001 pdspa d
020 _z99945420003
040 _aDO-SdBNP
_bspa
_cBNPHU
082 4 _aRD861.44
_bM636L
_222
245 0 0 _aMigración a la lluvia :
_bantología poéticas francomacorisana /
_cselección Sixto Gabín ; Editor Lissett Tachibana
260 _aSan Francisco de Macorís, República Dominicana :
_bNacional:
_bÁngeles de Fierro,
_c2005.
300 _a69 p. ;
_c19 cm.
500 _aIncluye datos biográficos del autor en la solapa de la cubierta.
590 _aInventariado, 2018/BT
650 4 _aPoesía dominicana
_966
650 0 _aLiteratura dominicana.
_967
700 1 _aTachibana, Lissett,
_eed.
_981301
910 _aValidado. Control de calidad MMOLINA
942 _2ddc
_cLBS1
999 _c3975
_d3975